| 000 | 00927cam a2200217 a 4500 | ||
|---|---|---|---|
| 005 | 20160317155525.0 | ||
| 008 | 940729s1991 ck a r 00010 spa d | ||
| 040 |
_ala _cla _dCO-BoIAVH |
||
| 041 | 0 | _aspa | |
| 044 | _ack | ||
| 082 | 0 | 4 |
_a363.34 _bC65p |
| 110 | 2 | _aSistema Nacional para la Prevención y Atención de Desastres (Colombia). | |
| 245 | 1 | 0 |
_aPrevención de desastres : _bun concepto de planificación / _cSistema Nacional para la Prevención y Atencón de Desastres en Colombia. |
| 260 |
_aBogotá : _bOficina Nacional para la Prevención y Atención de Desastres, _c1990. |
||
| 300 |
_a14 páginas : _bilustraciones ; _c28 x 21 centímetros |
||
| 500 | _aInformación tomada de la carátula. | ||
| 650 | 6 |
_aDesastres naturales _x Historia _z Colombia. |
|
| 650 | 6 |
_aPrevención de accidentes _z Colombia. |
|
| 650 | 6 |
_aPrevención de desastres _z Colombia. |
|
| 942 |
_2ddc _cFolleto |
||
| 999 |
_c5967 _d5967 |
||